000 003220000a22001330004500
003 MACL
040 _aMACL
090 _c7134
_d7133
100 _aAnanyananda, Swami
245 _aA Bird's Eye View Of The Upanisads
260 _bThe Ramakrishna Mission Institute Of Culture
_c1965
650 _aReligion
942 _cBOOK
_k294
999 _c7087
_d7087